Riconosci la Capitale europea - Europa Orientale - Statistics

Statistiche generali
  • Questo quiz è stato fatto 29 volte
  • Il punteggio medio è 8 su 22
Statistiche sulle risposte
con Immagini Risposta % Corretto
Atene
100%
Mosca
68%
Budapest
60%
Praga
60%
Bucarest
48%
Kiev
48%
Sofia
48%
Lubiana
28%
Riga
28%
Tallinn
28%
Vilnius
28%
Belgrado
24%
Bratislava
24%
Chișinău
20%
Minsk
20%
Sarajevo
20%
Tirana
20%
Varsavia
20%
Zagabria
20%
Pristina
16%
Skopje
16%
Podgorica
12%
Nessun quiz corrispondente trovato
Distribuzione punteggi
Percentuale di utenti per punteggio
Percentile per numero di risposta
I tuoi punteggi nel tempo
Non hai fatto questo quiz